00962cam a22002532 450000100060000000300080000600500170001400800390003103500190007004000270008904100080011608200200012410000400014424501130018426000610029730000600035850000200041850400420043865000370048070000320051794200120054999900170056195201300057813342BD-RjUL20211208235435.0140130s1943 xx 001 0 eng a(BD-RjUL)13393 aDLCcCLEdBD-RjULbeng aeng00a616.8bBII 19431 aBiddle, William Earl,d1906-94156710aIntroduction to psychiatry /cW. Earl Biddle, [and] Mildred van Sickel, with a foreword by William C. Sandy. aPhiladelphia ;aLondon :bW.B. Saunders company,cc1943. axiii, 358 p. :c21 cm.bincl. illus., diagrs., forms. ; aIncludes index. a"Annotated bibliography": p. 347-350. 0aPsychology, Pathological.9415681 aVan Sickel, Mildred.941569 2ddccBK c13342d13342 00102ddc40718NFICaRUCLbRUCLcReadingd1958-02-22eU.S.I.S.l0o616.8 BII 1943r2014-01-30 00:00:00tC-1w2014-01-30yBK